|
|
|
|
| LEADER |
01082nam a2200241 i 4500 |
| 001 |
c000031775 |
| 003 |
CARM |
| 005 |
00000000000000.0 |
| 008 |
841016s1969 dcu eng d |
| 019 |
1 |
|
|a 9706814
|5 LACONCORD2021
|
| 035 |
|
|
|a (OCoLC)221927255
|5 LACONCORD2021
|
| 100 |
1 |
|
|a Pryluck, Calvin.
|
| 245 |
1 |
0 |
|a Structure and function in educational cinema.
|
| 260 |
|
|
|a [Washington, D.C.] :
|b U.S. Dept. of Health, Education and Welfare, Office of Education, Bureau of Research ,
|c 1969.
|
| 300 |
|
|
|a 73 l. :
|b illus.
|
| 500 |
|
|
|a "Final report project no.7-E-081 grant no. OEG 3-7-078135-3139 U.S. Department of Health, Education .
|
| 500 |
|
|
|a Bibliography: l.67-73.
|
| 650 |
|
0 |
|a Communication
|x Psychological aspects.
|
| 650 |
|
0 |
|a Motion pictures in education.
|
| 710 |
1 |
0 |
|a United States.
|b Office of Education.
|b Bureau of Research.
|
| 852 |
8 |
|
|b CARM
|h A2:AB09D0
|i D00329
|p 0027652
|f BK
|
| 999 |
f |
f |
|i a9327301-e129-5bda-b7b0-c703370e7595
|s 492cf5b6-d1ec-582f-81e1-908039191549
|
| 952 |
f |
f |
|p Can circulate
|a CAVAL
|b CAVAL
|c CAVAL
|d CARM 1 Store
|e D00329
|f A2:AB09D0
|h Other scheme
|i book
|m 0027652
|